Development administration and management : (Record no. 18477)

000 -LEADER
fixed length control field 00473nam a2200169 a 4500
020 ## - INTERNATIONAL STANDARD BOOK NUMBER
ISBN 0627022065
040 ## - CATALOGING SOURCE
Transcribing agency DLC
082 ## - DEWEY DECIMAL CLASSIFICATION NUMBER
Classification number 351 JLS 1997 C146 Or.
245 00 - TITLE STATEMENT
Title Development administration and management :
Remainder of title a holistic approach /
250 ## - EDITION STATEMENT
Edition statement 1st ed.
260 ## - PUBLICATION, DISTRIBUTION, ETC. (IMPRINT)
Place of publication Hatfield, Pretoria :
Name of publisher J.L. van Schaik,
Year of publication 1997.
300 ## - PHYSICAL DESCRIPTION
Number of Pages xi, 113 p. ;
Dimensions 24 cm.
650 #0 - SUBJECT ADDED ENTRY--TOPICAL TERM
Topical Term Economic development
700 1# - ADDED ENTRY--PERSONAL NAME
Personal name Kotzé, D. A.
700 1# - ADDED ENTRY--PERSONAL NAME
Personal name Kellerman, G. E. J.
942 ## - ADDED ENTRY ELEMENTS (KOHA)
Koha item type ADB
952 ## - LOCATION AND ITEM INFORMATION (KOHA)
Withdrawn status [LOCAL, KOHA] 0
Holdings
Source of acquisition Permanent Location Date acquired Koha item type Lost status Shelving location Current Location Full call number
a34044Library Block A2019-12-09សៀវភៅភាសាអង់គ្លេស A146Library Block A351 JLS 1997 C146 Or.
មជ្ឈមណ្ឌលឯការនៃសាកលវិទ្យាល័យភូមិន្ទកសិកម្មចំការដូង

Powered by Koha